| 000 | 00607nam a22001937a 4500 | ||
|---|---|---|---|
| 999 |
_c182364 _d182364 |
||
| 005 | 20211111123017.0 | ||
| 010 | _aUR-11322 | ||
| 020 |
_c146.00 _a9789390533381 |
||
| 035 | _aU-9877 | ||
| 037 | _bDBAD/PUB | ||
| 082 | _aک | ||
| 100 | _aعظيم ا نصا ر ی | ||
| 245 |
_aد و گھنٹے کی محبت _cعظيم ا نصا ر ی |
||
| 246 |
_aDo Ghante Ki Mohabbat (Urdu) _bby Azeem Ansari |
||
| 260 |
_aN.Delhi _c2020 ء _bEducational Publishing House |
||
| 270 |
_aD1/16,Ansari Road,Darya Ganj, _bNew Delhi _e110002 _l - |
||
| 300 |
_a248 ص _c22 Cm(Hb) |
||
| 942 |
_2ddc _cUR _hک _mا ن ص |
||